| 000 | 00741nam a22002293a 4500 | ||
|---|---|---|---|
| 005 | 20230627063607.0 | ||
| 008 | 010531s1999 mx fr 000 0 spa d | ||
| 020 | _a8478691723 | ||
| 035 | _aUPN01000116993 | ||
| 049 | _aCG | ||
| 050 | 4 |
_aLB1131 _bP7.6 no.23 |
|
| 100 | 1 |
_aYuste Hernanz, Carlos _929510 |
|
| 245 | 1 | 0 |
_aRazonamiento lógico inductivo-proposicional / _cCarlos Yuste Hernanz. |
| 260 |
_aMadrid : _bCEPE, _c1999. |
||
| 300 |
_a112 p. : _bil. |
||
| 440 | 0 |
_aProgresint ; _v23 |
|
| 500 | _a"Enseñanza Secundaria Obligatoria. Nivel 4" | ||
| 500 | _a"Programas para la estimulación de las habilidades de la inteligencia" | ||
| 650 | 4 |
_aRazonamiento _93600 |
|
| 650 | 4 |
_aLógica _xEstudio y enseñanza _915637 |
|
| 905 | _aLibro | ||
| 999 |
_c89621 _d89621 |
||